5HLuxD.jpg

KING HENRY VIII SENIOR AND PRIMARY SCHOOL LIBRARY OPAC

Adventure Duck vs the armadillo army / (Record no. 3487)

000 -LEADER
fixed length control field 01372nam a22002297a 4500
005 - DATE AND TIME OF LATEST TRANSACTION
control field 20240129112016.0
008 - FIXED-LENGTH DATA ELEMENTS--GENERAL INFORMATION
fixed length control field 240129b ||||| |||| 00| 0 eng d
020 ## - INTERNATIONAL STANDARD BOOK NUMBER
International Standard Book Number 9781408356852
040 ## - CATALOGING SOURCE
Transcribing agency KH8
082 ## - DEWEY DECIMAL CLASSIFICATION NUMBER
Classification number 823.92 COL
100 ## - MAIN ENTRY--PERSONAL NAME
Personal name Cole, Stephen,
Dates associated with a name 1971-
Relator term Author
245 ## - TITLE STATEMENT
Title Adventure Duck vs the armadillo army /
Statement of responsibility, etc. Stephen Cole
260 ## - PUBLICATION, DISTRIBUTION, ETC.
Place of publication, distribution, etc. Orchard Books,
Name of publisher, distributor, etc. London,
Date of publication, distribution, etc. 2019
300 ## - PHYSICAL DESCRIPTION
Extent 140 pages :
Other physical details illustrations ;
Dimensions 20 cm
440 ## - SERIES STATEMENT/ADDED ENTRY--TITLE
Title Adventure Duck vs Power Pug,
Volume/sequential designation bk. 2
520 ## - SUMMARY, ETC.
Summary, etc. The duck with the supersonic quack is back! Adventure Duck, the world's unlikeliest superhero, has a tasty new mission - saving the world from DEATH BY CHOCOLATE! Ay, caramba! Adventure Duck and his zebra sidekick, Ziggy, have a tasty new mission in Mexico. Their nemesis, Power Pug, has a dastardly new scheme to control the world's chocolate supply. With the help of a llama with projectile spit, Adventure Duck and Ziggy set out to foil the pug's nefarious plans to dig up the rainforest to build an enormous chocolate factory. But Armando the Commando and his army of armadillos stands in their way ... Can the superhero amigos find a chink in the armadillos' armour and save the world from DEATH BY CHOCOLATE?
650 ## - SUBJECT ADDED ENTRY--TOPICAL TERM
Topical term or geographic name entry element Children's stories
650 ## - SUBJECT ADDED ENTRY--TOPICAL TERM
Topical term or geographic name entry element Chocolate
650 ## - SUBJECT ADDED ENTRY--TOPICAL TERM
Topical term or geographic name entry element Ducks
700 ## - ADDED ENTRY--PERSONAL NAME
Personal name Aleksei Bitskoff
Relator term Illustrator
942 ## - ADDED ENTRY ELEMENTS (KOHA)
Source of classification or shelving scheme
Koha item type Books - Fiction
Holdings
Withdrawn status Lost status Source of classification or shelving scheme Damaged status Not for loan Collection code Permanent Location Current Location Shelving location Date acquired Total Checkouts Full call number Barcode Date last seen Date last checked out Price effective from Koha item type
          Fiction KH8 Primary School Library KH8 Primary School Library Non Fiction 2024-01-29 8 823.92 COL KHPL000004432 2026-03-18 2026-01-26 2024-01-29 Books - Fiction

Powered By KH8 IT Dept